000
00325nam a2200133Ia 4500
005
20251222154319.0
008
251222s9999||||xx |||||||||||||| ||spa||
020
_a
8488746121
082
_a
309.2/R31
245
0
_a
Cómo Solucinarlo Casi Todo
250
_a
1ra. ed.
264
_b
Reader´s Digest Selecciones
942
_c
LIB
999
_c
33706
_d
33706